English communication for your career air travel and tourism

The book's content includes: When woutd you like to travel; I'd like a window seat; woutd you please fasten your seatbelt; woutd you like something to drink; what's the purpose of your visit; my baggage is missing; what type of room would you like; i have a problem with the bathroom;...

Cur síos iomlán

Đã lưu trong:
Sonraí Bibleagrafaíochta
Príomhúdar: Kim Young-mi
Údair Eile: Son Ki-pyo
Formáid: Leabhar
Teanga:Vietnamese
Foilsithe: Thành phố Hồ Chí Minh Tổng hợp Thành phố Hồ Chí Minh 2010
Ábhair:
Clibeanna: Cuir Clib Leis
Gan Chlibeanna, Bí ar an gcéad duine leis an taifead seo a chlibeáil!
Thư viện lưu trữ: Thư viện Trường Đại học Nam Cần Thơ
LEADER 01233nam a22002057a 4500
001 NCT_4_006785
008 240411b xxu||||| |||| 00| 0 vie d
999 |c 8238  |d 8238 
020 |c 136000 
082 0 4 |2 23rd ed.  |a 428.076  |b K31 
100 1 |a Kim Young-mi 
245 1 0 |a English communication for your career air travel and tourism  |c Kim Young-mi, Son Ki-pyo 
260 |a Thành phố Hồ Chí Minh  |b Tổng hợp Thành phố Hồ Chí Minh  |c 2010 
300 |a 125p.  |c 28 cm 
520 3 |a The book's content includes: When woutd you like to travel; I'd like a window seat; woutd you please fasten your seatbelt; woutd you like something to drink; what's the purpose of your visit; my baggage is missing; what type of room would you like; i have a problem with the bathroom; i'd like to rent a car; are you ready to order; i want to buy something special; would you recommend some good places. 
653 |a Quản trị Dịch vụ Du lịch và Lữ hành 
700 1 |a Son Ki-pyo 
942 |2 ddc  |c BK 
952 |0 0  |1 0  |2 ddc  |4 0  |6 428_076000000000000_K31  |7 0  |9 28802  |a 000001  |b 000001  |d 2024-04-11  |o 428.076 K31  |p MD.22359  |r 2024-04-11  |v 136000.00  |w 2024-04-11  |y BK 
980 |a Thư viện Trường Đại học Nam Cần Thơ